A közösségi média hatása a fogyasztói döntésre a smash burger esetében

Bibliographic Details
Main Author: Fábián Fanni
Other Authors: Papp Dr. Vanda
Format: Thesis
Kulcsszavak:fast food
fogyasztói magatartás
influencer
közösségi média
smash burger
Online Access:http://dolgozattar.uni-bge.hu/59858

MARC

LEADER 00000nta a2200000 i 4500
001 dolg59858
005 20260409145648.0
008 260409suuuu hu om 000 hun d
040 |a BGE Dolgozattár Repozitórium  |b hun 
041 |a hu 
100 1 |a Fábián Fanni 
245 1 2 |a A közösségi média hatása a fogyasztói döntésre a smash burger esetében  |c Fábián Fanni  |h [elektronikus dokumentum] 
520 3 |a A dolgozat célja a közösségi média hatásának vizsgálata a fogyasztói döntésekre, különös tekintettel a smash burger trendre. Bemutatja, hogyan befolyásolják az influenszerek, vizuális tartalmak és felhasználói értékelések a vásárlási szándékot, és milyen szerepet játszik ebben az Instagram és a TikTok. Kvantitatív és kvalitatív kutatási módszerekkel vizsgálom a fogyasztói magatartást, a tartalomtípusok preferenciáját, valamint a közösségi média által kiváltott márkaélményt és elköteleződést. 
695 |a fast food 
695 |a fogyasztói magatartás 
695 |a influencer 
695 |a közösségi média 
695 |a smash burger 
700 1 |a Papp Dr. Vanda  |e ths 
856 4 0 |u http://dolgozattar.uni-bge.hu/59858/1/JP4E6D_F%C3%A1bi%C3%A1n%20Fanni_A%20k%C3%B6z%C3%B6ss%C3%A9gi%20m%C3%A9dia%20hat%C3%A1sa%20a%20fogyaszt%C3%B3i%20d%C3%B6nt%C3%A9sre%20a%20smash%20burger%20eset%C3%A9ben.pdf  |z Dokumentum-elérés 
856 4 0 |u http://dolgozattar.uni-bge.hu/59858/2/F%C3%A1bi%C3%A1n%20Fanni_BA%20KM%20magyar%20b%C3%ADr%C3%A1lati%20lap%20BELS%C5%90.pdf  |z Dokumentum-elérés 
856 4 0 |u http://dolgozattar.uni-bge.hu/59858/3/b%C3%ADr%C3%A1lati%20lap_F%C3%A1bi%C3%A1n%20Fanni_VI.pdf  |z Dokumentum-elérés